W.S. Gilbert and the context of comedy W.S. Gilbert and the context of comedy : the progress of fun
I tiakina i:
| Kaituhi matua: | |
|---|---|
| Hōputu: | Pukapuka |
| Reo: | Ingarihi |
| I whakaputaina: |
Routledge
2018
|
| Tags: |
Tāpirihia he Tūtohu
No Tags, Be the first to tag this record!
|
MARC
| LEADER | 00000nam a22000007a 4500 | ||
|---|---|---|---|
| 008 | 231006b |||||||| |||| 00| 0 eng d | ||
| 020 | |a 9781138311084 | ||
| 100 | |a MOORE, Richard | ||
| 245 | |a W.S. Gilbert and the context of comedy |b W.S. Gilbert and the context of comedy : the progress of fun |c / Richard Moore |e (Routledge studies in nineteenth-century literature) |f 49 |g ix,289p | ||
| 260 | |b Routledge |c 2018 |h New York |i 700567 |i 700568 |l PR4714.M77 |m Gilbert,W.S. (William Schwenck) 1836-1911 Criticism and interpretation |m English drama (Comedy)- History and criticism | ||
| 500 | |a Includes bibliographical references and index | ||
| 942 | |a lcc |c BK |e Johnson |f 06/10/23 | ||
| 952 | |0 0 |1 0 |2 lcc |4 0 |6 PR4714 M77 |7 0 |9 4541 |a ART |b HOL |c LP |d 2023-10-06 |l 0 |o PR4714.M77 |p 2023-0461 |r 2023-10-06 00:00:00 |t 700567 |w 2023-10-06 |y BK | ||
| 952 | |0 0 |1 0 |2 lcc |4 0 |6 PR4714 M77 |7 0 |9 4542 |a HOL |b HOL |c LP |d 2023-10-06 |l 0 |o PR4714.M77 |p 2023-0462 |r 2023-10-06 00:00:00 |t 700568 |w 2023-10-06 |y BK | ||
| 999 | |c 2275 |d 2275 | ||